000 00782nam a2200217 a 4500
005 20210223130126.0
008 070122s1998 mx r 000 0 spa d
020 _a9682321646
035 _aUPN01000148773
049 _aCG
050 4 _aF1219.1 S5.6
_bS2.2
100 1 _aSauer, Carl Ortwin,
_d1889-1975
_97103
245 1 0 _aAztatlán :
_bfrontera prehispánica mesoamericana en la costa del pacífico /
_cCarl Sauer ; recopilacion, tr. y pról. de Ignacio Guzmán Betancourt.
260 _aMéxico :
_bSiglo XXI,
_c1998.
300 _a316 p., [10] h. de láms., 3 h. plegs. :
_bil., mapas
440 4 _aLos once ríos
651 4 _aSINALOA -
_xANTIGUEDADES
_97110
651 4 _aNAYARIT -
_xANTIGUEDADES
_97109
600 4 _aSAUER, CARL ORTWIN,
_d1889-1975
_97103
905 _aLibro
999 _c120914
_d120914